Explicación completa de la música polifónica de los siglos XVI y XVII / (Record no. 143315)

MARC details
000 -LEADER
campo de control de longitud fija 00989nam a2200241 i 4500
001 - NÚMERO DE CONTROL
campo de control 143315
003 - IDENTIFICADOR DE NÚMERO DE CONTROL
campo de control ES-MaACL
005 - FECHA Y HORA DE LA ÚLTIMA TRANSACCIÓN
campo de control 20250823100555.0
007 - CAMPO FIJO DE DESCRIPCIÓN FÍSICA--INFORMACIÓN GENERAL
campo de control de longitud fija t|
008 - DATOS DE LONGITUD FIJA--INFORMACIÓN GENERAL
campo de control de longitud fija 070214s1904 sp a |||| | spa d
100 1# - ENTRADA PRINCIPAL--NOMBRE DE PERSONA
Nombre de persona Serrano y Aguado, Gregorio F.
9 (RLIN) 132671
245 10 - MENCIÓN DEL TÍTULO
Título Explicación completa de la música polifónica de los siglos XVI y XVII /
Mención de responsabilidad, etc. obra escrita por Gregorio Fidel Serrano y Aguado.
260 ## - PUBLICACIÓN, DISTRIBUCIÓN, ETC.
Lugar de publicación, distribución, etc. Madrid :
Nombre del editor, distribuidor, etc. [s. n.],
Fecha de publicación, distribución, etc. 1904 (
Fabricante Imp. Ducazcal)
300 ## - DESCRIPCIÓN FÍSICA
Extensión 76 p. :
Otras características físicas il. ;
Dimensiones 22 cm.
530 ## - NOTA DISPONIBLE DE FORMULARIO FÍSICO ADICIONAL
Nota de formato físico adicional disponible Disponible en formato digital.
650 #4 - PUNTO DE ACCESO ADICIONAL DE MATERIA--TÉRMINO DE MATERIA
Término de materia o nombre geográfico como elemento de entrada Música-
Subdivisión de forma Historia
9 (RLIN) 15391
852 ## - LOCALIZACIÓN
Ubicación ES-MaACL
Número de control de estantería 1674-F-19
Sublocalización o colección R.4664
itemnumber 148490
Ubicación en estantería Depósito folletos
Nota libre Revisado enlace: 02 de Abril de 2025
852 ## - LOCALIZACIÓN
Ubicación ES-MaACL
Número de control de estantería T-1059-F-3
Ubicación en estantería Depósito folletos
Anotaciones manuscritas Dedicatoria autógrafa del autor
itemnumber 148490
856 ## - LOCALIZACIÓN Y ACCESO ELECTRÓNICOS
Identificador Uniforme de Recursos <a href="http://bdh-rd.bne.es/viewer.vm?id=0000157600&page=1 ">http://bdh-rd.bne.es/viewer.vm?id=0000157600&page=1 </a>
Texto de enlace Biblioteca Digital Hispánica
903 ## - NOMBRE PERSONAL DE DONANTE
9 132671
a Serrano y Aguado, Gregorio F.
e Autor
942 ## - ELEMENTOS DE ENTRADA SECUNDARIOS (KOHA)
Fuente del sistema de clasificación o colocación Clasificación decimal universal
Holdings
Estatus retirado Estado de pérdida Estado de daño No para préstamo Colección Biblioteca de origen Biblioteca actual Ubicación en estantería Fecha de adquisición Fuente de adquisición Total de préstamos Signatura topográfica completa Código de barras Visto por última vez Precio de reemplazo Tipo de ítem Koha
        Colección de folletos Biblioteca del Ateneo de Madrid Biblioteca del Ateneo de Madrid Depósito folletos 08/01/2014     T-1059-F-3 1192312 23/02/2023 23/02/2023 Folleto
        Colección de folletos Biblioteca del Ateneo de Madrid Biblioteca del Ateneo de Madrid Depósito folletos 17/01/2008     1674-F-19 1149110 23/02/2023 23/02/2023 Folleto